21st century high streets (Record no. 109895)

MARC details
000 -LEADER
fixed length control field 01187cam a22002295a 4500
001 - CONTROL NUMBER
control field E148125
008 - FIXED-LENGTH DATA ELEMENTS--GENERAL INFORMATION
fixed length control field 090731s2009 xxk f 000 0 eng d
035 ## - SYSTEM CONTROL NUMBER
System control number (Sirsi) u148125
041 0# - LANGUAGE CODE
Language code of text/sound track or separate title eng
050 04 - LIBRARY OF CONGRESS CALL NUMBER
Classification number 333.33 $2 18
110 2# - MAIN ENTRY--CORPORATE NAME
Corporate name or jurisdiction name as entry element British Retail Consortium
9 (RLIN) 1582
245 00 - TITLE STATEMENT
Title 21st century high streets
Remainder of title a new vision for our town centres
Medium [electronic resource]
260 ## - PUBLICATION, DISTRIBUTION, ETC.
Place of publication, distribution, etc. London
Name of publisher, distributor, etc. BRC
Date of publication, distribution, etc. 2009
505 2# - FORMATTED CONTENTS NOTE
Formatted contents note Recommendations -- Introduction -- Defining the high street -- Tough times on the high street -- Policy priorities for action: a unique sense of place; an attractive public realm; planning for success; accessibility; safety and security; supportive regulatory and fiscal regimes -- Conclusions -- References and acknowledgements
520 ## - SUMMARY, ETC.
Summary, etc. Looks at best practice in relation to high street retailing and makes recommendations for future development and investment.
521 ## - TARGET AUDIENCE NOTE
Target audience note Advanced
590 ## - LOCAL NOTE (RLIN)
Local note KA
651 #4 - SUBJECT ADDED ENTRY--GEOGRAPHIC NAME
Geographic name United Kingdom
Chronological subdivision
690 ## - LOCAL SUBJECT ADDED ENTRY--TOPICAL TERM (OCLC, RLIN)
Topical term or geographic name as entry element PROPERTY-COMMERCIAL PROPERTY-RETAIL PROPERTY
856 40 - ELECTRONIC LOCATION AND ACCESS
Uniform Resource Identifier <a href="https://www.brc.org.uk/policymaster04.asp?id=611&sPolicy=21ST+CENTURY+HIGH+STREETS">https://www.brc.org.uk/policymaster04.asp?id=611&sPolicy=21ST+CENTURY+HIGH+STREETS</a>
Public note View the report free of charge at www.brc.org.uk...
942 ## - ADDED ENTRY ELEMENTS (KOHA)
Suppress in OPAC 0
Holdings
Withdrawn status Lost status Source of classification or shelving scheme Damaged status Not for loan Home library Current library Shelving location Date acquired Total Checkouts Full call number Barcode Date last seen Copy number Price effective from Koha item type
    Dewey Decimal Classification     Virtual Virtual Online 31/07/2009   ONLINE PUBLICATION 148125-2001 06/08/2019 1 06/08/2019 Book